Physics of active galactic nuclei (Record no. 10614)

MARC details
000 -LEADER
fixed length control field 00858nam a2200217Ia 4500
003 - CONTROL NUMBER IDENTIFIER
control field IN-BaIIA
008 - FIXED-LENGTH DATA ELEMENTS--GENERAL INFORMATION
fixed length control field 211028s9999 xx 000 0 eng d
020 ## - INTERNATIONAL STANDARD BOOK NUMBER
International Standard Book Number 3-540-55554-4
040 ## - CATALOGING SOURCE
Transcribing agency IIA Library
080 ## - UNIVERSAL DECIMAL CLASSIFICATION NUMBER
Universal Decimal Classification number 524.64(082.1)
Item number PHY
111 ## - MAIN ENTRY--MEETING NAME
Meeting name or jurisdiction name as entry element International Conference Physics of Active Galactic Nuclei
Location of meeting Heidelberg
Date of meeting or treaty signing 1991 June 3-7
9 (RLIN) 18102
245 #0 - TITLE STATEMENT
Title Physics of active galactic nuclei
Remainder of title proceedings of the International conference, Heidelberg, 3-7 June 1991 
Statement of responsibility, etc. edited by W. J. Duschl and S. J. Wagner
260 ## - PUBLICATION, DISTRIBUTION, ETC.
Place of publication, distribution, etc. Berlin
Name of publisher, distributor, etc. Springer-Verlag
Date of publication, distribution, etc. 1992
300 ## - PHYSICAL DESCRIPTION
Extent xviii, 716p.
650 ## - SUBJECT ADDED ENTRY--TOPICAL TERM
Topical term or geographic name entry element Active galactic nuclei
9 (RLIN) 6209
650 ## - SUBJECT ADDED ENTRY--TOPICAL TERM
Topical term or geographic name entry element Astronomy and astrophysics thesaurus
650 ## - SUBJECT ADDED ENTRY--TOPICAL TERM
Topical term or geographic name entry element Galactic nuclei
9 (RLIN) 3453
700 ## - ADDED ENTRY--PERSONAL NAME
Personal name Duschl, W. J., ed.
9 (RLIN) 17408
700 ## - ADDED ENTRY--PERSONAL NAME
Personal name Wagner, S. J., ed.
9 (RLIN) 17409
942 ## - ADDED ENTRY ELEMENTS (KOHA)
Koha item type Books
Holdings
Withdrawn status Lost status Damaged status Not for loan Home library Current library Shelving location Date acquired Cost, normal purchase price Total Checkouts Full call number Barcode Date last seen Date last checked out Cost, replacement price Price effective from Koha item type Purchase Price
        IIA Library-Bangalore IIA Library-Bangalore General Stacks 10/03/1993 4001.80 1 524.64(082.1)/ PHY 11525 07/05/2025 05/05/2025 4001.80 10/03/1993 Books Rs. 4001.80

Powered by Koha